Detalles MARC
| 000 -LIDER |
| fixed length control field |
01601nam a2200397 a 4500 |
| 001 - NÚMERO DE CONTROL |
| Identificador de número de control |
0000237 |
| 003 - IDENTIFICACDOR DE NÚMERO DE CONTROL |
| control field |
DO-SdBNP |
| 005 - DATE AND TIME OF LATEST TRANSACTION |
| control field |
20180306132611.0 |
| 007 - CAMPOS FIJOS DE DESCRIPCIÓN FÍSICA |
| fixed length control field |
0000237 |
| 008 - ELEMENTOS DE LONGITUD FIJA |
| fixed length control field |
150130s 2014 dr ac 000 0 spa d |
| 010 ## - NUMERO DE CONTROL DE BIBLIOTECA DEL CONGRESO |
| LC control number |
|
| 020 ## - ISBN |
| International Standard Book Number |
9945495372 |
| 040 ## - FUENTE DE CATALOGACIÓN |
| Agencia que crea de manera original el registro |
BPMSU |
| Idioma de catalogación |
spa |
| Agencia que realiza la transcripción |
BPMSU |
| 092 ## - LOCALLY ASSIGNED DEWEY DECIMAL CALL NUMBER |
| Número de clasificación |
372.7 |
| Número de ítem (Cutter) |
R788m, 5to 2014 |
| 100 1# - ASIENTO PRINCIPAL -- NOMBRE PERSONAL |
| Nombre personal |
Rosa, María del Jesús de la |
| 245 10 - MENCIÓN DE TITULO |
| Título |
Matemática 5 : |
| Subtítulo |
educación básica / |
| Mención de responsabilidad |
Francisca Antonia Medrano, María del Jesús de la Rosa, Dolores de la Rosa ; ilustraciones Ramón Sandoval. |
| 250 ## - MENCIÓN DE EDICION |
| Mención de edición |
3a. ed. rev. y actualizada. |
| 260 ## - PUBLICACIÓN, DISTRIBUCIÓN, ETC. (PIE DE IMPRENTA) |
| Lugar de publicación, distribución, etc |
Santo Domingo : |
| Nombre del editor, distribuidor, etc. |
Actualidad Escolar 2000, |
| Fecha de publicación, distribución, etc |
2014. |
| 300 ## - DESCRIPCIÓN FÍSICA |
| Extensión |
2v. : |
| Otros detalles físicos |
il., retrs. ; |
| Dimensiones |
28 cm. |
| 490 1# - MENCIÓN DE SERIES |
| Mención de serie |
Sigma |
| 504 ## - NOTA DE BIBLIOGRAFÍA, ETC. |
| Bibliography, etc |
Bibliografías p: 208 |
| 505 1# - NOTA DE CONTENIDO |
| Título |
Unidad 1 -- |
| -- |
Numeración I -- |
| -- |
Unidad 2 -- |
| -- |
Numeración II -- |
| -- |
Unidad 3 -- |
| -- |
Numeración III -- |
| -- |
Unidad 4-- |
| -- |
Numeración IV -- |
| -- |
Unidad 5 -- |
| -- |
Fracciones -- |
| -- |
Unidad 6 -- |
| -- |
Decimales -- |
| -- |
Unidad 7 -- |
| -- |
Geometría -- |
| -- |
Unidad 8 -- |
| -- |
Métrica -- |
| -- |
Unidad 9 -- |
| -- |
Estadística -- |
| -- |
Bibliografía -- |
| 650 #4 - ENCABEZAMIENTO DE MATERIA--TEMÁTICO |
| Término temático o nombre geográfico como elemento de entrada |
MATEMÁTICAS |
| Subdivisión temática general |
ENSEÑANZA BÁSICA |
| 650 #4 - ENCABEZAMIENTO DE MATERIA--TEMÁTICO |
| Término temático o nombre geográfico como elemento de entrada |
EDUCACIÓN PRIMARIA |
| Subdivisión temática general |
REPÚBLICA DOMINICANA |
| 650 ## - ENCABEZAMIENTO DE MATERIA--TEMÁTICO |
| Término temático o nombre geográfico como elemento de entrada |
MATEMÁTICAS |
| Subdivisión temática general |
LIBROS DE TEXTOS |
| 650 #4 - ENCABEZAMIENTO DE MATERIA--TEMÁTICO |
| Término temático o nombre geográfico como elemento de entrada |
MATEMÁTICAS |
| Subdivisión temática general |
ESTUDIOS Y EJERCICIOS |
| 650 #4 - ENCABEZAMIENTO DE MATERIA--TEMÁTICO |
| Término temático o nombre geográfico como elemento de entrada |
MATEMÁTICAS |
| Subdivisión temática general |
EDUCACIÓN PRIMARIA |
| 700 12 - ASIENTO SECUNDARIO -- NOMBRE PERSONAL |
| Nombre personal |
Rosa, Dolores de la |
| 700 12 - ASIENTO SECUNDARIO -- NOMBRE PERSONAL |
| Nombre personal |
Rosa, María del Jesús de la |
| 700 12 - ASIENTO SECUNDARIO -- NOMBRE PERSONAL |
| Nombre personal |
Sandoval, Ramón |
| Mención de responsabilidad |
il. |
| 830 #0 - ASIENTO SECUNDARIO DE SERIE--TÍTULO UNIFORME |
| Título uniforme |
Sigma |
| 910 ## - VALIDACIÓN |
| Validación |
Validado. Control de calidad MFF |
| 942 ## - ADDED ENTRY ELEMENTS (KOHA) |
| Source of classification or shelving scheme |
Dewey Decimal Classification |
| Koha item type |
Libros |
| 945 ## - INFORMACIÓN DE PROCESAMIENTO LOCAL |
| Información de procesamiento local |
Remanejado para la BNPHU / 2018 VM |
| 956 ## - LOCAL ELECTRONIC LOCATION AND ACCESS (OCLC) |
| Nombre de host |
YLOCKWARD |
| Número de acceso |
10 |